000 00729nam a2200241Ia 4500
003 OSt
005 20220918193013.0
006 a|||||r|||| 00| 0
007 ta
008 220917b |||||||| |||| 00| 0 eng d
024 _a71,468
037 _cTextual
040 _aARTS
_cARTS
_beng
041 _2eng
_aeng
082 _aR3xM891z7, L6
100 _aHeidegger Martin
_917777
245 0 _aPiety of thinking
_b Essays tr by JAmes G Hart and John C Maraldo
260 _aBloomington
_bIndiana
_c1976
300 _ax, 212p.
_ccm.
490 _aStudies in phenomenology andexistential philosophy ed by JAmes M Edie
942 _hR3xM891z7, L6
_cTEXL
_2CC
999 _c197541
_d197541